000
00228nam a2200121Ia 4500
100
_a
#N/A
942
_c
BK
245
_a
Introductory Operations
260
_b
Springer
_c
2003
300
_a
581
546
_a
ENGLISH
999
_c
34124
_d
34124